000 00437nam a2200145 i 4500
001 82833
003 ES-MaACL
007 t|
008 041112s1973 sp ||||1| spa d
110 2 _aInstituto de Estudios Alicantinos.
_94886
245 1 0 _aMemoria 1973 /
_cInstituto de Estudios Alicantinos.
260 _aAlicante :
_bDiputación Provincial de Alicante,
_c[1973]
300 _a93 p. ;
_c24 cm.
852 _aES-MaACL
_jE-5758
_bR.89829
999 _c82833
_d82833